Mathematics in transport planning and control : (Record no. 8450)

MARC details
000 -LEADER
fixed length control field 01502pam a2200289 a 4500
001 - CONTROL NUMBER
control field 1087499
003 - CONTROL NUMBER IDENTIFIER
control field OSt
005 - DATE AND TIME OF LATEST TRANSACTION
control field 20240614103542.0
008 - FIXED-LENGTH DATA ELEMENTS--GENERAL INFORMATION
fixed length control field 920528s1992 enka b 100 0 eng
010 ## - LIBRARY OF CONGRESS CONTROL NUMBER
LC control number 92018095
020 ## - INTERNATIONAL STANDARD BOOK NUMBER
International Standard Book Number 019853650X :
Terms of availability $75.00
040 ## - CATALOGING SOURCE
Original cataloging agency DLC
Transcribing agency MUST
Modifying agency DLC
082 00 - DEWEY DECIMAL CLASSIFICATION NUMBER
Classification number 511.3
Item number MAT 1992
245 00 - TITLE STATEMENT
Title Mathematics in transport planning and control :
Remainder of title based on the proceedings of a conference on mathematics in transport planning and control, organized by the Institute of Mathematics and Its Applications and held at the University of Wales College of Cardiff in September 1989 /
Statement of responsibility, etc. edited by J.D. Griffiths.
260 ## - PUBLICATION, DISTRIBUTION, ETC. (IMPRINT)
Place of publication, distribution, etc. Oxford :
Name of publisher, distributor, etc. Clarendon Press ;
Place of publication, distribution, etc. New York :
Name of publisher, distributor, etc. Oxford University Press,
Date of publication, distribution, etc. 1992.
300 ## - PHYSICAL DESCRIPTION
Extent xiv, 463 p. :
Other physical details ill. ;
Dimensions 24 cm.
440 #0 - SERIES STATEMENT/ADDED ENTRY--TITLE
Title Institute of Mathematics and Its Applications conference series ;
Volume/sequential designation new ser., 38
9 (RLIN) 17177
504 ## - BIBLIOGRAPHY, ETC. NOTE
Bibliography, etc Includes bibliographical references.
650 #0 - SUBJECT ADDED ENTRY--TOPICAL TERM
Topical term or geographic name as entry element Traffic engineering
General subdivision Mathematical models
-- Congresses.
9 (RLIN) 17178
700 1# - ADDED ENTRY--PERSONAL NAME
Personal name Griffiths, J. D.
9 (RLIN) 17179
710 2# - ADDED ENTRY--CORPORATE NAME
Corporate name or jurisdiction name as entry element Institute of Mathematics and Its Applications.
9 (RLIN) 17180
856 42 - ELECTRONIC LOCATION AND ACCESS
Materials specified Publisher description
Uniform Resource Identifier http://www.loc.gov/catdir/enhancements/fy0639/92018095-d.html
856 41 - ELECTRONIC LOCATION AND ACCESS
Materials specified Table of contents only
Uniform Resource Identifier http://www.loc.gov/catdir/enhancements/fy0639/92018095-t.html
906 ## - LOCAL DATA ELEMENT F, LDF (RLIN)
a 7
b cbc
c orignew
d 1
e ocip
f 19
g y-gencatlg
942 ## - ADDED ENTRY ELEMENTS (KOHA)
Source of classification or shelving scheme Dewey Decimal Classification
Koha item type Open Shelf
Holdings
Withdrawn status Lost status Source of classification or shelving scheme Damaged status Not for loan Home library Current library Date acquired Source of acquisition Inventory number Total Checkouts Full call number Barcode Date last seen Price effective from Koha item type
    Dewey Decimal Classification     MUST Main Library MUST Main Library 14/06/2024 Donation 1997/10184   511.3 MAT 1992 2024-20466 14/06/2024 14/06/2024 Open Shelf
    Dewey Decimal Classification     MUST Main Library MUST Main Library 14/06/2024 Donation 1997/10188   511.3 MAT 1992 2024-20467 14/06/2024 14/06/2024 Open Shelf
    Other/Generic Classification Scheme     MUST Main Library MUST Main Library 10/09/2024 Donation 97/10185   511.3 MAT 1992 2024-22346 10/09/2024 10/09/2024 Book Bank
    Dewey Decimal Classification     MUST Main Library MUST Main Library 10/09/2024 Donation 97/10186   511.3 MAT 1992 2024-22347 10/09/2024 10/09/2024 Book Bank